Score 0/7 Timer 03:00
0 Plays Today
Question Answer Wrong Answers
This American singer and actor, often known as 'The King', is born in born in Tupelo, Mississippi.
1935
Elvis Presley
96.7%
Johnny Cash
0.8%
Frank Sinatra
0.8%
Michael Jackson
0.8%
This inventor of the cotton gin dies of prostate cancer in New Haven, Connecticut.
1825
Eli Whitney
87.5%
John Deere
2.6%
Jethro Tull
5.1%
George Washington Carver
4.6%
Mexican President Enrique Peña Nieto announces the recapture of drug lord Joaquín Guzmán, known by this nickname, six months after he escaped prison.
2016
El Chapo
85.7%
El Guapo
8.9%
El Papo
2.6%
El Harapo
0.8%
US President Wilson outlines his ______ Points for the aftermath of World War I.
1918
Fourteen
77%
Three
2.7%
Forty-One
10.4%
Nine
9.3%
The trial of seven men accused of illegal entry into the _________ headquarters at the Watergate hotel begins.
1973
Democratic Party
76.7%
Republican Party
10.3%
Department of Defense
2.6%
FBI
9.1%
The House of Grimaldi begins their reign over this microstate, which has endured (with only brief interruptions) for over 700 years.
1297
Monaco
72.2%
Vatican City
10.6%
Liechtenstein
14.7%
Grenada
2.4%
Queen Elizabeth II christens the largest ocean liner ever built, the ___________, named after her grandmother.
2004
RMS Queen Mary 2
63%
RMS Alexandra
1.4%
RMS Queen Victoria
31.8%
RMS Charlotte
2.1%
Remove Ads.
Support Sporcle.
Get the best of Sporcle when you Go Orange. This ad-free experience offers more features, more stats, and more fun while also helping to support Sporcle. Thank you for becoming a member.

You're not logged in!

Compare scores with friends on all Sporcle quizzes.
OR
Log In

Show Comments

Extras

Top Quizzes Today


Score Distribution

Your Account Isn't Verified!

In order to create a playlist on Sporcle, you need to verify the email address you used during registration. Go to your Sporcle Settings to finish the process.

Report this User

Report this user for behavior that violates our Community Guidelines.

Details: